000 01477nam a22002537a 4500
999 _c58992
_d58992
003 Ge_BSU
005 20221027160352.0
008 221027s2009 ge ||||| |||| 00| 0 geo d
020 _a9789941125379
041 _ageo
080 _a336 ბ-83
100 _aბოლქვაძე, ბესიკ
_91967
245 _aფისკალური და მონეტარული პოლიტიკის კოორდინაციის მნიშვნელობა საქართველოს გარდამავალ ეკონომიკაში /
_cბესიკ ბოლქვაძე ; [სამეცნ. რედ. ვლადიმერ პაპავა].
264 _aთბილისი :
_bუნივერსალი,
_c2009.
300 _a256გვ. :
_bცხრ., ნახ. ;
_c20სმ.
500 _aშენიშვნ. და გვ. 239-254.
504 _aბიბლიოგრ. ტექსტ.
520 _aრეზ. ინგლ.
653 _aსაბიუჯეტო-საგადასახადო პოლიტიკა საქართველოში
653 _aფულად-საკრედიტო პოლიტიკა საქართველოში.
653 _aგარდამავალი ეკონომიკა
700 _aპაპავა, ვლადიმერ
_eრედაქტორი
_915601
942 _2udc
_cBK